The power of a praying wife / (Record no. 32549)
[ view plain ]
| 000 -LEADER | |
|---|---|
| fixed length control field | 01395nam a22003857a 4500 |
| 003 - CONTROL NUMBER IDENTIFIER | |
| control field | OSt |
| 005 - DATE AND TIME OF LATEST TRANSACTION | |
| control field | 20230623033816.0 |
| 008 - FIXED-LENGTH DATA ELEMENTS--GENERAL INFORMATION | |
| fixed length control field | 230622b |||||||| |||| 00| 0 eng d |
| 020 ## - INTERNATIONAL STANDARD BOOK NUMBER | |
| International Standard Book Number | 9789966723048 |
| 040 ## - CATALOGING SOURCE | |
| Original cataloging agency | MMU |
| Language of cataloging | eng |
| Transcribing agency | MMU |
| Modifying agency | MMU |
| -- | MMU |
| 042 ## - AUTHENTICATION CODE | |
| Authentication code | lccopycat |
| 050 00 - LIBRARY OF CONGRESS CALL NUMBER | |
| Classification number | BV 4527 .O43 11 1997 |
| 100 1# - MAIN ENTRY--PERSONAL NAME | |
| Personal name | Omartian, Stormie |
| 245 14 - TITLE STATEMENT | |
| Title | The power of a praying wife / |
| Statement of responsibility, etc. | Stormie Omartian. |
| 246 30 - VARYING FORM OF TITLE | |
| Title proper/short title | Praying wife |
| 250 ## - EDITION STATEMENT | |
| Edition statement | Unabridged. |
| 264 #4 - PRODUCTION, PUBLICATION, DISTRIBUTION, MANUFACTURE, AND COPYRIGHT NOTICE | |
| Date of production, publication, distribution, manufacture, or copyright notice | 1997 |
| 300 ## - PHYSICAL DESCRIPTION | |
| Extent | 203p, ; |
| 347 ## - DIGITAL FILE CHARACTERISTICS | |
| File type | audio file |
| Source | rdaft |
| 347 ## - DIGITAL FILE CHARACTERISTICS | |
| Encoding format | CD audio |
| -- | MP3 |
| 500 ## - GENERAL NOTE | |
| General note | Icludes bibliographic details |
| 511 0# - PARTICIPANT OR PERFORMER NOTE | |
| Participant or performer note | Read by the author. |
| 520 ## - SUMMARY, ETC. | |
| Summary, etc. | readers learn how to better their marriage through God with this guide that includes Bible verses and sample prayers they can use to pray for concerning areas in their husband's life. |
| 650 #0 - SUBJECT ADDED ENTRY--TOPICAL TERM | |
| Topical term or geographic name as entry element | Wives |
| General subdivision | Religious life. |
| 650 #0 - SUBJECT ADDED ENTRY--TOPICAL TERM | |
| Topical term or geographic name as entry element | Christian women |
| General subdivision | Religious life. |
| 650 #0 - SUBJECT ADDED ENTRY--TOPICAL TERM | |
| Topical term or geographic name as entry element | Intercessory prayer. |
| 650 #0 - SUBJECT ADDED ENTRY--TOPICAL TERM | |
| Topical term or geographic name as entry element | Christian life. |
| 650 #7 - SUBJECT ADDED ENTRY--TOPICAL TERM | |
| Topical term or geographic name as entry element | Christian life. |
| Source of heading or term | fast |
| Authority record control number | (OCoLC)fst00859185 |
| 650 #7 - SUBJECT ADDED ENTRY--TOPICAL TERM | |
| Topical term or geographic name as entry element | Christian women |
| General subdivision | Religious life. |
| Source of heading or term | fast |
| Authority record control number | (OCoLC)fst00859575 |
| 650 #7 - SUBJECT ADDED ENTRY--TOPICAL TERM | |
| Topical term or geographic name as entry element | Intercessory prayer. |
| Source of heading or term | fast |
| Authority record control number | (OCoLC)fst00976026 |
| 650 #7 - SUBJECT ADDED ENTRY--TOPICAL TERM | |
| Topical term or geographic name as entry element | Wives |
| General subdivision | Religious life. |
| Source of heading or term | fast |
| Authority record control number | (OCoLC)fst01176435 |
| 655 #7 - INDEX TERM--GENRE/FORM | |
| Genre/form data or focus term | Audiobooks. |
| Source of term | fast |
| Authority record control number | (OCoLC)fst01726208 |
| 942 ## - ADDED ENTRY ELEMENTS (KOHA) | |
| Source of classification or shelving scheme | Library of Congress Classification |
| Koha item type | L |
| Withdrawn status | Lost status | Source of classification or shelving scheme | Damaged status | Not for loan | Home library | Current library | Date acquired | Source of acquisition | Cost, normal purchase price | Total Checkouts | Full call number | Barcode | Date last seen | Date last checked out | Price effective from | Koha item type |
|---|---|---|---|---|---|---|---|---|---|---|---|---|---|---|---|---|
| Library of Congress Classification | Maasai Mara University Library -Main Campus | Maasai Mara University Library -Main Campus | 06/22/2023 | Purchased | 1195.00 | 2 | BV 4527 .O43 1997 | 23039486 | 10/07/2024 | 09/30/2024 | 06/22/2023 | L |